Curso de Derecho Constitucional
Պահպանված է:
| Հիմնական հեղինակ: | |
|---|---|
| Ձևաչափ: | Գիրք |
| Լեզու: | իսպաներեն |
| Հրապարակվել է: |
Santiago
Thomson Reuters Puntolex
2011
|
| Խորագրեր: | |
| Ցուցիչներ: |
Ավելացրեք ցուցիչ
Չկան պիտակներ, Եղեք առաջինը, ով նշում է այս գրառումը!
|
MARC
| LEADER | 00000cam a2200000 a 4500 | ||
|---|---|---|---|
| 001 | UCG8167 | ||
| 003 | CL-VaPUC | ||
| 008 | 111124e20110000CL |||||||||||||||||spa|d | ||
| 020 | |a 9789563370874o.c | ||
| 020 | |a 9789563370881t.1 | ||
| 020 | |a 9789563370898t.2 | ||
| 082 | 0 | 4 | |a 342.83 |b CEL |2 21 |
| 100 | |a Celis Danzinger, Gabriel |e autor |9 248 | ||
| 245 | 1 | 0 | |a Curso de Derecho Constitucional |
| 300 | |a t | ||
| 942 | |c BK | ||
| 945 | |d 20111124 00:00:00 |a dcastane | ||
| 260 | |a Santiago |b Thomson Reuters Puntolex |c 2011 | ||
| 650 | 0 | |a Derecho constitucional |9 222588 | |
| 650 | 0 | |a Derecho político |9 257756 | |
| 650 | 7 | |a SISTEMAS POLITICOS |2 CL-VaPUC |9 559070 | |
| 650 | 0 | |a Instituciones políticas |9 255506 | |
| 650 | 0 | |a Instituciones jurídicas |9 380718 | |
| 583 | |a last modification |c 20111124 10:35:00 |k Rodrigo Vera | ||
| 999 | |c 345796 |d 345794 | ||
| 952 | |0 0 |1 0 |4 0 |6 342_830000000000000_CEL_2011 |7 0 |8 A |9 446069 |a BIBDER |b BIBDER |d 2019-11-22 |h t.1 |i 4804236 |l 1 |o 342.83 CEL 2011 |p 4804236 |r 2023-01-25 |s 2022-04-26 |w 2019-11-22 |y BK |k DER | ||
| 952 | |0 0 |1 0 |4 0 |6 342_830000000000000_CEL_2011 |7 0 |8 A |9 446070 |a BIBDER |b BIBDER |d 2019-11-22 |h t.2 |i 4804244 |l 1 |o 342.83 CEL 2011 |p 4804244 |r 2023-01-25 |s 2022-04-26 |w 2019-11-22 |y BK |k DER | ||